|
|
|
|
| LEADER |
00956nam a2200253 a 4500 |
| 001 |
GR-MES2221 |
| 008 |
991111s1994 xxk 000 0 gre d |
| 020 |
|
|
|a 9608451000
|
| 040 |
|
|
|a GrPaTEI
|b gre
|c GR-PaULI
|
| 245 |
0 |
0 |
|a Πώληση προϊόντων και υπηρεσιών :
|b Ενας εικονογραφημένος οδηγός.
|
| 260 |
|
|
|a Oxford :
|b Butterworth,
|c 1994
|
| 300 |
|
|
|a 87σελ. :
|b εικ.
|
| 650 |
|
4 |
|a Μάρκετινγκ
|
| 650 |
|
4 |
|a Προιοντα
|
| 650 |
|
4 |
|a Πωλήσεις
|
| 650 |
|
4 |
|a ΠΩΛΗΣΗ ΠΡΟΙΟΝΤΩΝ
|
| 700 |
1 |
|
|a McDonald, M.
|
| 700 |
1 |
|
|a Morris, P.
|
| 700 |
1 |
|
|a Δρακάτου, Μ.
|
| 710 |
0 |
|
|a Butterworth
|
| 942 |
|
|
|2 ddc
|
| 952 |
|
|
|0 0
|1 0
|2 ddc
|4 0
|6 658_810000000000000_MCD
|7 0
|9 266544
|a MSLG
|b MSLG
|c BSC
|d 2021-01-17
|e 24
|f 0
|g 0.00
|l 0
|o 658.81 McD
|p 2420000006990
|r 2021-01-17 00:00:00
|t 1
|w 2021-01-17
|y BK15
|x 19991111 0 1
|x GrPaTEI
|
| 971 |
|
|
|a .b25732651
|b 16-04-20
|c 13-09-16
|
| 999 |
|
|
|c 153356
|d 153356
|